[Event "Rijeka Liburnija op 05"]
[Site "Rijeka"]
[Date "2014.05.25"]
[Round "7"]
[White "Cucancic, Sinisa"]
[Black "Molnar, Ivan Dorian"]
[Result "1-0"]
[WhiteElo "2273"]
[BlackElo "1822"]
[PlyCount "69"]
[EventDate "2014.05.20"]
[EventType "swiss"]
[EventRounds "9"]
[EventCountry "CRO"]
[SourceTitle "CBM 160 Extra"]
[Source "ChessBase"]
[SourceDate "2014.07.01"]
[SourceVersion "1"]
[SourceVersionDate "2014.07.01"]
[SourceQuality "1"]

1. e4 e5 2. Nf3 Nf6 3. d4 d5 4. Nxe5 Nxe4 5. Bd3 Qf6 6. 0-0 Bf5 7. Re1 Be7 8. c4 Nxf2 9. Kxf2 Bxd3+ 10. Nf3 Be4 11. Nbd2 Qg6 12. Qe2 0-0 13. Nxe4 dxe4 14. Qxe4 Qxe4 15. Rxe4 Bf6 16. Bf4 Na6 17. Re2 Rad8 18. Rd1 Rfe8 19. b3 Rxe2+ 20. Kxe2 Re8+ 21. Kf2 h6 22. Rd2 Re7 23. Be3 b6 24. d5 Bc3 25. Rd3 Bb4 26. Bd4 f6 27. Re3 Rxe3 28. Bxe3 Nc5 29. Ke2 Kf7 30. Nd4 a5 31. Nb5 a4 32. a3 axb3 33. axb4 Na4 34. Bd4 b2 35. Na3 1-0

[Event "Rijeka Liburnija op 05"]
[Site "Rijeka"]
[Date "2014.05.23"]
[Round "4"]
[White "Loncar, Robert"]
[Black "Molnar, Ivan Dorian"]
[Result "1-0"]
[WhiteElo "2371"]
[BlackElo "1822"]
[PlyCount "49"]
[EventDate "2014.05.20"]
[EventType "swiss"]
[EventRounds "9"]
[EventCountry "CRO"]
[SourceTitle "CBM 160 Extra"]
[Source "ChessBase"]
[SourceDate "2014.07.01"]
[SourceVersion "1"]
[SourceVersionDate "2014.07.01"]
[SourceQuality "1"]

1. d4 d5 2. c4 c6 3. Nc3 Nf6 4. Nf3 g6 5. e3 Bg7 6. Bd3 0-0 7. 0-0 Nbd7 8. cxd5 Nxd5 9. e4 Nxc3 10. bxc3 Qa5 11. Qb3 e5 12. Ba3 c5 13. Bc4 h6 14. Nh4 Qb6 15. dxc5 Qxb3 16. axb3 Re8 17. Rfd1 a6 18. Nxg6 Nf8 19. Nxf8 Bxf8 20. Bd5 Rb8 21. Rd3 Be6 22. b4 Kh7 23. Rad1 Bg7 24. Bc1 Bf6 25. f4 1-0

[Event "Rijeka Liburnija op 05"]
[Site "Rijeka"]
[Date "2014.05.22"]
[Round "3"]
[White "Molnar, Ivan Dorian"]
[Black "Radikovic, Anamarija"]
[Result "1-0"]
[WhiteElo "1822"]
[BlackElo "1705"]
[PlyCount "59"]
[EventDate "2014.05.20"]
[EventType "swiss"]
[EventRounds "9"]
[EventCountry "CRO"]
[SourceTitle "CBM 160 Extra"]
[Source "ChessBase"]
[SourceDate "2014.07.01"]
[SourceVersion "1"]
[SourceVersionDate "2014.07.01"]
[SourceQuality "1"]

1. e4 d5 2. exd5 Nf6 3. d4 Nxd5 4. c4 Nf6 5. Nf3 Bf5 6. Qb3 b6 7. Be2 e6 8. 0-0 Be7 9. Nc3 0-0 10. Bf4 Nbd7 11. Rfd1 Bd6 12. Ne5 Ng4 13. h3 Ngxe5 14. dxe5 Nc5 15. Qb5 Bc2 16. exd6 Bxd1 17. Rxd1 Qd7 18. Qxd7 Nxd7 19. dxc7 Nf6 20. Bf3 Rac8 21. Bb7 Rce8 22. Bd6 h6 23. Bxf8 Rxf8 24. Rd8 Rxd8 25. cxd8Q+ Kh7 26. Be4+ Nxe4 27. Nxe4 f5 28. Nd6 Kg6 29. Qe8+ Kf6 30. f4 1-0

[Event "Rijeka Liburnija op"]
[Site "Rijeka"]
[Date "2012.12.07"]
[Round "9"]
[White "Tomulic, Teo"]
[Black "Molnar, Ivan Dorian"]
[Result "1-0"]
[WhiteElo "1672"]
[BlackElo "1810"]
[PlyCount "109"]
[EventDate "2012.11.30"]
[EventType "swiss"]
[EventRounds "9"]
[EventCountry "CRO"]
[SourceTitle "CBM 151 Extra"]
[Source "ChessBase"]
[SourceDate "2012.12.18"]
[SourceVersion "1"]
[SourceVersionDate "2012.12.18"]
[SourceQuality "1"]

1. e4 c5 2. Nf3 Nc6 3. d4 cxd4 4. Nxd4 Nf6 5. Nc3 g6 6. Be3 Bg7 7. Be2 0-0 8. Qd2 d6 9. f3 a6 10. g4 Ne8 11. h4 Nxd4 12. Bxd4 Bxd4 13. Qxd4 Nf6 14. 0-0-0 Be6 15. Bc4 Bxc4 16. Qxc4 Rc8 17. Qd4 Qc7 18. Kb1 b5 19. Rd2 Qc4 20. Qe3 Qc5 21. Qf4 Qc4 22. Qh6 Kh8 23. Nd5 Nxd5 24. exd5 Rg8 25. Qg5 Rc7 26. h5 Rg7 27. hxg6 fxg6 28. Qe3 Rf7 29. Re1 Qf4 30. Qxf4 Rxf4 31. Re3 Kg7 32. c3 Kf6 33. Kc2 b4 34. Rdd3 Rfc4 35. Re1 bxc3 36. bxc3 Ra4 37. Kb3 Ra5 38. Rd4 Rac5 39. c4 Ra5 40. a4 Rac5 41. Rh1 Kg7 42. g5 Rc8 43. Rdh4 Rh8 44. Re1 Re8 45. Rhe4 Kf7 46. Rh1 Kg7 47. Reh4 Rh8 48. f4 a5 49. Rh6 Rc7 50. f5 Rb7+ 51. Kc3 Rbb8 52. fxg6 hxg6 53. Rxh8 Rxh8 54. Rxh8 Kxh8 55. c5 1-0

[Event "Rijeka Liburnija op"]
[Site "Rijeka"]
[Date "2012.12.06"]
[Round "8"]
[White "Molnar, Ivan Dorian"]
[Black "Plenca, Julian"]
[Result "0-1"]
[WhiteElo "1810"]
[BlackElo "2362"]
[PlyCount "44"]
[EventDate "2012.11.30"]
[EventType "swiss"]
[EventRounds "9"]
[EventCountry "CRO"]
[SourceTitle "CBM 151 Extra"]
[Source "ChessBase"]
[SourceDate "2012.12.18"]
[SourceVersion "1"]
[SourceVersionDate "2012.12.18"]
[SourceQuality "1"]

1. d4 Nf6 2. Nf3 g6 3. c4 Bg7 4. Nc3 d5 5. e3 0-0 6. Qb3 e6 7. cxd5 exd5 8. Bd3 c5 9. dxc5 Nbd7 10. Qa3 Re8 11. 0-0 Qe7 12. Bb5 Rd8 13. b4 Ne5 14. Be2 Bg4 15. Nd4 Bxe2 16. Ncxe2 a6 17. Rb1 Nc4 18. Qb3 Ne4 19. Nc3 Ncd2 20. Bxd2 Nxd2 21. Qb2 Nxf1 22. Kxf1 Qh4 0-1

[Event "Rijeka Liburnija op"]
[Site "Rijeka"]
[Date "2012.12.02"]
[Round "3"]
[White "Kvaternik, Sinisa"]
[Black "Molnar, Ivan Dorian"]
[Result "1/2-1/2"]
[WhiteElo "1952"]
[BlackElo "1810"]
[PlyCount "58"]
[EventDate "2012.11.30"]
[EventType "swiss"]
[EventRounds "9"]
[EventCountry "CRO"]
[SourceTitle "CBM 151 Extra"]
[Source "ChessBase"]
[SourceDate "2012.12.18"]
[SourceVersion "1"]
[SourceVersionDate "2012.12.18"]
[SourceQuality "1"]

1. e4 e5 2. Nf3 Nc6 3. Bb5 a6 4. Bxc6 dxc6 5. 0-0 Bd6 6. d4 Bg4 7. dxe5 Bxf3 8. Qxf3 Bxe5 9. Nc3 Qf6 10. Bd2 Qxf3 11. gxf3 0-0-0 12. Rad1 Nf6 13. Be3 Nh5 14. Rd3 Rd6 15. Rfd1 Rhd8 16. Rxd6 Rxd6 17. Rd3 Nf4 18. Bxf4 Bxf4 19. Ne2 Be5 20. b3 g5 21. Ng3 Kd7 22. Nf5 Rxd3 23. cxd3 c5 24. h3 Kc6 25. Ne3 Kb5 26. Nc2 Ka5 27. Kf1 b5 28. Ke2 f6 29. Ke3 Bf4+ 1/2-1/2

[Event "CRO-chT2 West"]
[Site "Rijeka"]
[Date "2012.04.22"]
[Round "5.32"]
[White "Marceta, Milan"]
[Black "Molnar, Ivan Dorian"]
[Result "1-0"]
[WhiteElo "2080"]
[BlackElo "1806"]
[PlyCount "39"]
[EventDate "2012.03.17"]
[EventType "team-tourn"]
[EventRounds "9"]
[EventCountry "CRO"]
[SourceTitle "EXT 2013"]
[Source "ChessBase"]
[SourceDate "2012.11.22"]
[SourceVersion "1"]
[SourceVersionDate "2012.11.22"]
[SourceQuality "1"]

1. e4 c6 2. d4 d5 3. Nc3 dxe4 4. Nxe4 Bf5 5. Ng3 Bg6 6. Nf3 Nd7 7. h4 h5 8. Bd3 Bxd3 9. Qxd3 Ngf6 10. Bd2 e6 11. 0-0-0 Qc7 12. Ng5 Bd6 13. Rhf1 Bf4 14. Kb1 Bxd2 15. Rxd2 Qf4 16. Re2 g6 17. Rxe6+ fxe6 18. Qxg6+ Ke7 19. Qf7+ Kd6 20. N3e4+ 1-0

[Event "Rijeka Paris Memorial op"]
[Site "Rijeka"]
[Date "2011.10.21"]
[Round "4"]
[White "Molnar, Ivan Dorian"]
[Black "Dizdarevic, Mirsad"]
[Result "1/2-1/2"]
[WhiteElo "1822"]
[BlackElo "1951"]
[PlyCount "192"]
[EventDate "2011.10.17"]
[EventType "swiss"]
[EventRounds "9"]
[EventCountry "CRO"]
[SourceTitle "EXT 2013"]
[Source "ChessBase"]
[SourceDate "2012.11.22"]
[SourceVersion "1"]
[SourceVersionDate "2012.11.22"]
[SourceQuality "1"]

1. e4 e6 2. d4 d5 3. exd5 exd5 4. Bd3 Nf6 5. Nf3 Bg4 6. 0-0 Be7 7. Bf4 0-0 8. Nbd2 Nbd7 9. c3 c5 10. Qc2 Rc8 11. Rfe1 Re8 12. Bf5 Bxf5 13. Qxf5 Nf8 14. dxc5 Bxc5 15. Nb3 Rxe1+ 16. Rxe1 Ne6 17. Nxc5 Rxc5 18. Be5 Ne4 19. Nd4 Nxd4 20. Bxd4 Rc6 21. f3 Nf6 22. Bxf6 gxf6 23. Qg4+ Kh8 24. Qd4 Qb6 25. Rd1 Qxb2 26. Qxd5 Re6 27. Qd2 Qb6+ 28. Qf2 Qa5 29. Qd2 Kg7 30. c4 Qc5+ 31. Qd4 Qa5 32. Qd2 Qa6 33. Qc2 Rc6 34. Rc1 Rc5 35. Qf2 Qc6 36. Qg3+ Rg5 37. Qf2 b6 38. h4 Ra5 39. Qg3+ Kf8 40. Qb8+ Qe8 41. Qd6+ Kg8 42. Qg3+ Kf8 43. Re1 Qd8 44. Qf2 Qc7 45. Qd4 Kg7 46. Re4 h5 47. Qd2 Qc5+ 48. Kh1 Ra4 49. Qe2 Qa5 50. f4 Rxa2 51. Qf3 Qf5 52. Rd4 Ra1+ 53. Kh2 Qb1 54. Rd5 Qg1+ 55. Kg3 Re1 56. Rd3 Rf1 57. Qe2 Re1 58. Qxh5 Re3+ 59. Rxe3 Qxe3+ 60. Qf3 Qe1+ 61. Kh3 Qe6+ 62. f5 Qxc4 63. Qg3+ Kh7 64. Qf3 a5 65. Qa3 a4 66. Qf8 Qd5 67. h5 Qxf5+ 68. g4 Qe6 69. Kh4 b5 70. h6 Qe1+ 71. Kh3 Qe3+ 72. Kg2 Qxh6 73. Qxf7+ Kh8 74. Qe8+ Kg7 75. Qd7+ Kg8 76. Qe8+ Qf8 77. Qg6+ Kh8 78. Qh5+ Kg7 79. Qxb5 Qa8+ 80. Kg3 Qa7 81. Qb2 a3 82. Qa1 Qe3+ 83. Kh4 Kg6 84. Qb1+ Kh6 85. Qa1 Kg7 86. Qd1 Qe6 87. g5 f5 88. Qa1+ Kg6 89. Qxa3 Qe4+ 90. Kh3 Kxg5 91. Qg3+ Kf6 92. Qd6+ Qe6 93. Qxe6+ Kxe6 94. Kg3 Ke5 95. Kf3 f4 96. Kf2 Ke4 1/2-1/2